000 00772pam a2200193 a 4500
020 _a0821319515
082 0 0 _a388/.0967
_bRIV
_cD
100 1 _aRiverson, J. D. N.
_937185
245 1 0 _aIntermediate means of transport in Sub-Saharan Africa :
_bits potential for improving rural travel and transport /
_cJohn D.N. Riverson, Steve Carapetis.
260 _aWashington, D.C. :
_bWorld Bank,
_cc1991.
300 _a27 p. ;
_c27 cm.
490 1 _aWorld Bank technical paper,
_aAfrica Technical Department series
526 _a0
_b0
_c0
_d388_096700000000000_RIV
526 _a0
_b0
_c0
_d388_096700000000000_RIV
650 0 _aRural roads
_zAfrica, Sub-Saharan.
_937186
650 0 _aRural transit
_zAfrica, Sub-Saharan.
_937187
700 1 _aCarapetis, S.,
_937188
942 _2ddc
_cBK
999 _c542087
_d542087